<?xml version="1.0" encoding="UTF-8"?>
<record
    xmlns:xsi="http://www.w3.org/2001/XMLSchema-instance"
    xsi:schemaLocation="http://www.loc.gov/MARC21/slim http://www.loc.gov/standards/marcxml/schema/MARC21slim.xsd"
    xmlns="http://www.loc.gov/MARC21/slim">

  <leader>01505nam a22002417a 4500</leader>
  <controlfield tag="005">20211008115541.0</controlfield>
  <controlfield tag="008">211008b           ||||| |||| 00| 0 eng d</controlfield>
  <datafield tag="020" ind1=" " ind2=" ">
    <subfield code="a">0297607405</subfield>
  </datafield>
  <datafield tag="040" ind1=" " ind2=" ">
    <subfield code="c">AL</subfield>
  </datafield>
  <datafield tag="041" ind1=" " ind2=" ">
    <subfield code="a">eng</subfield>
  </datafield>
  <datafield tag="082" ind1=" " ind2=" ">
    <subfield code="2">23</subfield>
    <subfield code="a">909.04924</subfield>
    <subfield code="b">GILL</subfield>
  </datafield>
  <datafield tag="100" ind1=" " ind2=" ">
    <subfield code="a">Martin Gilbert</subfield>
    <subfield code="9">954</subfield>
  </datafield>
  <datafield tag="245" ind1=" " ind2=" ">
    <subfield code="a">Letters to Auntie Fori:</subfield>
    <subfield code="b">Five Thousand year History of the Jewish People and Their Faith</subfield>
  </datafield>
  <datafield tag="260" ind1=" " ind2=" ">
    <subfield code="a">London</subfield>
    <subfield code="b">Weidenfeld And Nicolson</subfield>
    <subfield code="c">2002</subfield>
  </datafield>
  <datafield tag="300" ind1=" " ind2=" ">
    <subfield code="a">xvii,460 p.</subfield>
    <subfield code="b">HB</subfield>
    <subfield code="c">23x16cm.</subfield>
  </datafield>
  <datafield tag="365" ind1=" " ind2=" ">
    <subfield code="b">20.00</subfield>
    <subfield code="c">&#xA3;</subfield>
    <subfield code="d">20.00</subfield>
    <subfield code="f">24-03-2021</subfield>
  </datafield>
  <datafield tag="520" ind1=" " ind2=" ">
    <subfield code="a">Some time ago an elderly Indian friend of Martin Gilbert's, known to him as Auntie Fori, revealed that she was actually Jewish and asked him to recommend a history of the Jews. He decided to write it for her, in letter form, week by week. This book is the result. The letters begin with Abraham's journey from Mesopotamia to Canaan and cover all the great events of Jewish history: the migration to Egypt, entering the Promised Land, Moses and the Ten Commandments, the kingdoms of David and Solomon, the Assyrian destruction of Jewish independence, and so on through ancient and medieval times up to the present day. As one would expect, he writes particularly well - and movingly - about the Holocaust. The last couple of letters in this selection are about the modern state of Israel.</subfield>
    <subfield code="u">https://py.rohis.site/Uk</subfield>
  </datafield>
  <datafield tag="650" ind1=" " ind2=" ">
    <subfield code="a">World History</subfield>
    <subfield code="9">955</subfield>
  </datafield>
  <datafield tag="650" ind1=" " ind2=" ">
    <subfield code="a">Judaism</subfield>
    <subfield code="9">956</subfield>
  </datafield>
  <datafield tag="650" ind1=" " ind2=" ">
    <subfield code="a">Jews</subfield>
    <subfield code="9">957</subfield>
  </datafield>
  <datafield tag="700" ind1=" " ind2=" ">
    <subfield code="a">GILBERT (Martin)</subfield>
    <subfield code="9">958</subfield>
  </datafield>
  <datafield tag="942" ind1=" " ind2=" ">
    <subfield code="2">ddc</subfield>
    <subfield code="c">GF</subfield>
  </datafield>
  <datafield tag="999" ind1=" " ind2=" ">
    <subfield code="c">216528</subfield>
    <subfield code="d">216528</subfield>
  </datafield>
  <datafield tag="952" ind1=" " ind2=" ">
    <subfield code="0">0</subfield>
    <subfield code="1">0</subfield>
    <subfield code="2">ddc</subfield>
    <subfield code="4">0</subfield>
    <subfield code="7">0</subfield>
    <subfield code="8">HIS</subfield>
    <subfield code="a">AL</subfield>
    <subfield code="b">AL</subfield>
    <subfield code="d">2013-03-24</subfield>
    <subfield code="g">20.00</subfield>
    <subfield code="l">0</subfield>
    <subfield code="o">909.04924 GILL</subfield>
    <subfield code="p">GF01140</subfield>
    <subfield code="r">2021-10-08 00:00:00</subfield>
    <subfield code="u">https://py.rohis.site/Uk</subfield>
    <subfield code="v">20.00</subfield>
    <subfield code="w">2013-03-24</subfield>
    <subfield code="y">GF</subfield>
  </datafield>
</record>
